00607cam a2200205 i 45000010008000000030006000080050017000140080041000310100017000720200025000890400018001140500018001320820018001501000021001682450080001892600044002693000021003135040026003346300041003601794135GBCCL20241126110514.0800425s1979 ilu b 000 0 eng  a 78068909  a084237051X :c$4.95. aDLCcDLCdDLC00aBS2725.3b.D700a227.8107bDRA1 aDraper, James T.10a1 & 2 Thessalonians :bthe hope of a waiting church /cJames T. Draper, Jr. aWheaton, Ill. :bTyndale House,c[1979] a257 p. ;c21 cm. aBibliography: p. 257.00aBible.pThessaloniansxCommentaries.